000 00443nam a22001457a 4500
008 160224b xxu||||| |||| 00| 0 eng d
082 _a708
_bB959m
100 _aAlex Burke
_94774
245 _aEn mémoire de Gorée
_cAlex Burke
260 _aNantes
_ble Temple du goût
_c1998
300 _a50 pag
_bill.
_c24 cm.
600 _aAlex Burke
_94775
650 _aExhibición
_vCatalogo
_yDescripción de viajes
_zSenegal
_94776
700 _aAlex Burke
_94777
999 _c866
_d866